00614 2200205 4500001002100000005001700021008004100038035002400079082001500103090002000118245005200138260010200190300001900292650003200311700001700343850001200360980001500372985000600387999001500393YOGYA-0209000005181220090227032828.0 ind  0010-020900000051812 a899.211111 a899.211111bHik aHIKAYAT Pocut- MuhammadcPenyunting Ramli Harun aJakartabDepartemen Pendidikan dan Kebudayaan Proyek Penerbitaan Buku Sastra Indonesia dan Daerah a183 hlmc21 cm aKesasteraaan Aceh - Hikayat aHarun, Ramli aYOPDYOG a27-12-2007 a1 aa000060994